000 01202cam a22002054a 4500
005 20250605164048.0
008 250528s ||||||||||||||||||||||||d
035 _a17197
020 _a1853963674
040 _aGR-AtMCL
_bgre
_dGR-AtMCL
_eAACR2
245 1 _aGlobal Shift / Transforming the World Economy
250 _a3rd
260 _bPaul Chapman Publishing,
_c1998
300 _a496
520 _aA unique approach to one of the key issues of the new millennium. Acknowledgements, A New Geo-Economy, Patterns of Global Shift, The Global Economic Map: Trends in Production and Trade and Investment, Processes of Global Shift, National Variations in Policy Stance, Technology: The ''Great Growling Engine of Change'', Dynamics of Conflict and Collaboration: ''Both Transnational Corporations and States Matter'', Global Shift: The Picture in Different Sectors, ''Wheels of Change'': The Automobile Industry, ''Chips and Screens'': The Electronics Industries, Stresses and Strains of Adjustment to Global Shift, Making a Living in the Global Economy, Issues of Global Governance, Bibliography, Index.
700 1 _aDicken Peter
_93355
942 _cBK
999 _c2631
_d2631